<?xml version="1.0" encoding="UTF-8"?>
<collection xmlns="http://www.loc.gov/MARC21/slim">
 <record>
  <leader>01992pam a22002418a 4500</leader>
  <controlfield tag="001">00023423</controlfield>
  <controlfield tag="005">20171026081023.0</controlfield>
  <controlfield tag="008">110622s2005                  ||||||viesd</controlfield>
  <datafield tag="041" ind1="0" ind2="#">
   <subfield code="a">vie</subfield>
  </datafield>
  <datafield tag="082" ind1="1" ind2="4">
   <subfield code="a">510.71</subfield>
   <subfield code="b">PH561PH</subfield>
  </datafield>
  <datafield tag="100" ind1="0" ind2="#">
   <subfield code="a">Nguyễn Bá Kim</subfield>
  </datafield>
  <datafield tag="245" ind1="0" ind2="0">
   <subfield code="a">Phương pháp dạy học đại cương môn toán</subfield>
   <subfield code="c">Nguyễn Bá Kim;Bùi Huy Ngọc</subfield>
  </datafield>
  <datafield tag="260" ind1="#" ind2="#">
   <subfield code="a">H.</subfield>
   <subfield code="b">Đại học Sư phạm</subfield>
   <subfield code="c">2005</subfield>
  </datafield>
  <datafield tag="300" ind1="#" ind2="#">
   <subfield code="a">323tr.</subfield>
   <subfield code="b">hình vẽ, bảng</subfield>
   <subfield code="c">24cm</subfield>
  </datafield>
  <datafield tag="500" ind1="#" ind2="#">
   <subfield code="a">Đầu bìa sách ghi: Bộ Giáo dục và Đào tạo. Dự án Đào tạo Giáo viên THCS</subfield>
  </datafield>
  <datafield tag="653" ind1="#" ind2="#">
   <subfield code="a">Phương pháp giảng dạy</subfield>
  </datafield>
  <datafield tag="653" ind1="#" ind2="#">
   <subfield code="a">Toán</subfield>
  </datafield>
  <datafield tag="700" ind1="0" ind2="#">
   <subfield code="a">Bùi Huy Ngọc</subfield>
  </datafield>
  <datafield tag="852" ind1="#" ind2="#">
   <subfield code="b">Kho giáo trình</subfield>
   <subfield code="j">KGT.0003084, KGT.0003085, KGT.0003086, KGT.0003087, KGT.0003088, KGT.0003089, KGT.0003090, KGT.0003091, KGT.0003092, KGT.0003093, KGT.0003094, KGT.0003095, KGT.0003096, KGT.0003097, KGT.0003098, KGT.0003099, KGT.0003100, KGT.0003101, KGT.0003102, KGT.0003103, KGT.0003104, KGT.0003105, KGT.0003106, KGT.0003107, KGT.0003108, KGT.0003109, KGT.0003110, KGT.0003111, KGT.0003112, KGT.0003113, KGT.0003114, KGT.0003115, KGT.0003116, KGT.0003117, KGT.0003118, KGT.0003119, KGT.0003120, KGT.0003121, KGT.0003122, KGT.0003123, KGT.0003124, KGT.0032473</subfield>
  </datafield>
  <datafield tag="852" ind1="#" ind2="#">
   <subfield code="b">Kho mượn</subfield>
   <subfield code="j">KGT.0003104</subfield>
  </datafield>
  <datafield tag="852" ind1="#" ind2="#">
   <subfield code="j">KGT.0003085</subfield>
   <subfield code="j">KGT.0003088</subfield>
   <subfield code="j">KGT.0003090</subfield>
   <subfield code="j">KGT.0003091</subfield>
   <subfield code="j">KGT.0003093</subfield>
   <subfield code="j">KGT.0003094</subfield>
   <subfield code="j">KGT.0003098</subfield>
   <subfield code="j">KGT.0003099</subfield>
   <subfield code="j">KGT.0003101</subfield>
   <subfield code="j">KGT.0003102</subfield>
   <subfield code="j">KGT.0003104</subfield>
   <subfield code="j">KGT.0003105</subfield>
   <subfield code="j">KGT.0003107</subfield>
   <subfield code="j">KGT.0003108</subfield>
   <subfield code="j">KGT.0003112</subfield>
   <subfield code="j">KGT.0003113</subfield>
   <subfield code="j">KGT.0003115</subfield>
   <subfield code="j">KGT.0003116</subfield>
   <subfield code="j">KGT.0003118</subfield>
   <subfield code="j">KGT.0003121</subfield>
   <subfield code="j">KGT.0003123</subfield>
   <subfield code="j">KGT.0003124</subfield>
   <subfield code="j">KGT.0032473</subfield>
   <subfield code="j">KGT.0003086</subfield>
   <subfield code="j">KGT.0003087</subfield>
   <subfield code="j">KGT.0003095</subfield>
   <subfield code="j">KGT.0003096</subfield>
   <subfield code="j">KGT.0003109</subfield>
   <subfield code="j">KGT.0003110</subfield>
   <subfield code="j">KGT.0003120</subfield>
   <subfield code="j">KGT.0048930</subfield>
   <subfield code="j">KGT.0003084</subfield>
   <subfield code="j">KGT.0003089</subfield>
   <subfield code="j">KGT.0003092</subfield>
   <subfield code="j">KGT.0003097</subfield>
   <subfield code="j">KGT.0003100</subfield>
   <subfield code="j">KGT.0003103</subfield>
   <subfield code="j">KGT.0003106</subfield>
   <subfield code="j">KGT.0003111</subfield>
   <subfield code="j">KGT.0003114</subfield>
   <subfield code="j">KGT.0003117</subfield>
   <subfield code="j">KGT.0003119</subfield>
   <subfield code="j">KGT.0003122</subfield>
  </datafield>
  <datafield tag="910" ind1=" " ind2=" ">
   <subfield code="d">22/06/2011</subfield>
  </datafield>
  <datafield tag="980" ind1="#" ind2="#">
   <subfield code="a">Trung tâm Học liệu Lê Vũ Hùng, Trường Đại học Đồng Tháp</subfield>
  </datafield>
 </record>
</collection>
